Exploring social psychology. (Record no. 10497)
[ view plain ]
| 000 -LEADER | |
|---|---|
| fixed length control field | 00391nam a22001577a 4500 |
| 008 - FIXED-LENGTH DATA ELEMENTS--GENERAL INFORMATION | |
| fixed length control field | 230202b |||||||| |||| 00| 0 eng d |
| 020 ## - INTERNATIONAL STANDARD BOOK NUMBER | |
| International Standard Book Number | 9780073370644 |
| International Standard Book Number | 978007 |
| 082 ## - DEWEY DECIMAL CLASSIFICATION NUMBER | |
| Classification number | 302 MYE |
| 100 ## - MAIN ENTRY--PERSONAL NAME | |
| Personal name | Myers, David G |
| 245 ## - TITLE STATEMENT | |
| Title | Exploring social psychology. |
| 250 ## - EDITION STATEMENT | |
| Edition statement | 5th ed |
| 260 ## - PUBLICATION, DISTRIBUTION, ETC. | |
| Name of publisher, distributor, etc. | Mc Graw Hill, |
| Date of publication, distribution, etc. | 2009. |
| Place of publication, distribution, etc. | New York : |
| 300 ## - PHYSICAL DESCRIPTION | |
| Extent | xxiv.663 p : |
| Dimensions | 26.5 cm |
| 942 ## - Added entry Elements (Koha) | |
| Source of classification or shelving scheme | Dewey Decimal Classification |
| Withdrawn status | Lost status | Source of classification or shelving scheme | Damaged status | Not for loan | Collection code | Home library | Current library | Shelving location | Date acquired | Inventory number | Total Checkouts | Total Renewals | Full call number | Barcode | Date last seen | Date last checked out | Price effective from | Koha item type |
|---|---|---|---|---|---|---|---|---|---|---|---|---|---|---|---|---|---|---|
| Dewey Decimal Classification | Main TEST | RTC Library | RTC Library | Main opac | 20/08/2025 | 19800 | 1 | 1 | 302 MYE | 30021018 | 17/09/2025 | 22/08/2025 | 20/08/2025 | Main |